| 000 | 01214nam a22003377a 4500 | ||
|---|---|---|---|
| 003 | CHAP | ||
| 005 | 20250613112236.0 | ||
| 008 | 971013s1995 r 00010 d | ||
| 010 | _a43999 | ||
| 011 | _a44971 | ||
| 035 | _a49110 | ||
| 040 | _cCHAP | ||
| 090 | _aTesis | ||
| 100 | 0 | 0 |
_aMoreno Velázquez, Delia. _978719 |
| 245 | _aEvaluación del uso de conservadores en piña (Ananas comosus L.) en almibar envasadas en cubetas de plástico | ||
| 260 |
_aChapingo, Méx. : _bEl autor, _c1995 |
||
| 300 | _a73 h. | ||
| 502 | _aTesis (Ing. Agroindustrial) -- UACH. Departamento de Ingeniería Agroindustrial | ||
| 590 |
_aALEPH _b10 _c20130110 _lUCH01 _h1313 |
||
| 590 |
_aBATCH-UPD _b10 _c20130110 _lUCH01 _h2230 |
||
| 590 |
_aBATCH-UPD _b10 _c20130410 _lUCH01 _h1526 |
||
| 590 |
_aBATCH-UPD _b10 _c20130914 _lUCH01 _h1838 |
||
| 590 |
_aCONVERSION _b10 _c20130109 _lUCH01 _h1324 |
||
| 650 | 1 | 7 |
_aPiña (Ananas comosus) _xIndustria _2 _988405 |
| 650 | 1 | 7 |
_aPiña (Ananas comosus)v _xPreservación _2 _988420 |
| 650 | 1 | 7 |
_aPiña (Ananas comosus) _xProcesado _2 _988421 |
| 901 | _aBK | ||
| 942 | _cFOLL | ||
| 949 |
_bBC _cTES _d-110875 _eTS1 _h30458 _i49110 _si |
||
| 949 |
_bBC _cTES _d33724000005401 _eTS2 _fc.2 _h30459 _i49110 _si |
||
| 999 |
_c43999 _d43999 |
||